00953naa a22002537a 4500001001000000003000900010005001700019007000300036008003400039040005400073041000900127072002600136100002000162100001900182111007300201245010300274260004000377500010200417650001300519650003900532650001100571650001800582773009900600BR8204361BR-BrBNA20240918175135.0ta230509b bl.||||| |||| 00| 0 por d aBR-BrBNAbporcBiblioteca Nacional de Agricultura a(Pt) aF25b1410b3866bG5141 aRocchi, C.E. de1 aOsorio, C.A.S.1 a16. Reuniao Tecnica do FeijaocPorto Alegre, RS (Brazil)d8 Sep 19821 aResposta do feijoeiro (Phaseolus vulgaris L.)ao bio-estimulante Agrostemin [microelemento, Brasil]3 aPorto Alegre, RS (Brasil): c1982.  aAta do 16. Reuniao Tecnica do Feijao Porto Alegre, RS (Brasil): 1982. p. 93-95 (BR8204361-AM)F25  aADUBACAO aESTIMULANTE DE CRESCIMENTO VEGETAL aFEIJAO aMICROELEMENTO0 tAta do 16. Reuniao Tecnica do FeijaowF25 BR8204361gPorto Alegre, RS (Brasil), 1982. p. 93-95